[Event "Lichtenberger Sommer 2017"]
[Site "Berlin"]
[Date "2017.08.20"]
[Round "2.104"]
[White "Dittrich, Hans-Georg"]
[Black "Gläsmann, Christian"]
[Result "1/2-1/2"]
[WhiteElo "1742"]
[BlackElo "1472"]
[PlyCount "44"]
[EventDate "2017.??.??"]
[WhiteTeam "SG Stadtilm"]
[BlackTeam "SC Erkrath"]

1. e4 d6 2. Nc3 g6 3. f4 Bg7 4. Nf3 Nf6 5. Bc4 O-O 6. d3 Bg4 7. h3 Bxf3 8. Qxf3
Nc6 9. O-O Nd4 10. Qf2 c5 11. a4 e6 12. Ba2 d5 13. Be3 Nxc2 14. Qxc2 d4 15. Bd2
dxc3 16. Bxc3 Nh5 17. e5 Bh6 18. Qd2 Qh4 19. Rf3 Bxf4 20. Qf2 Qxf2+ 21. Kxf2 g5
22. Rg1 Bh2 1/2-1/2

[Event "Lichtenberger Sommer 2017"]
[Site "Berlin"]
[Date "2017.08.20"]
[Round "2.105"]
[White "Plaza Reino, Leire"]
[Black "Schneider, Eckehard"]
[Result "0-1"]
[WhiteElo "1253"]
[BlackElo "1792"]
[PlyCount "68"]
[EventDate "2017.??.??"]
[WhiteTeam "Enniscorthy Chess Club"]
[BlackTeam "SF 1903 Berlin"]

1. e4 e6 2. d4 d5 3. Nc3 Nf6 4. e5 Nfd7 5. Be3 c5 6. Nf3 Nc6 7. Ne2 cxd4 8.
Bxd4 Nxd4 9. Nexd4 Qb6 10. c3 Qxb2 11. Ne2 Bc5 12. g3 Qb6 13. Ned4 a6 14. Be2
Qc7 15. O-O Nxe5 16. Nxe5 Qxe5 17. Rc1 O-O 18. Nf3 Qf6 19. Qd3 Bd7 20. Rfd1 b5
21. Rb1 Bc6 22. Rd2 e5 23. Qc2 Bxf2+ 24. Kxf2 e4 25. Kg2 exf3+ 26. Bxf3 Rad8
27. Rbd1 d4 28. cxd4 Qxf3+ 29. Kg1 Qh1+ 30. Kf2 Qxh2+ 31. Kf1 Qh1+ 32. Kf2 Qf3+
33. Kg1 Qxg3+ 34. Kf1 Bd5 0-1

[Event "Lichtenberger Sommer 2017"]
[Site "Berlin"]
[Date "2017.08.20"]
[Round "2.106"]
[White "Prix, Siegfried"]
[Black "Kossueva, Fatima"]
[Result "1-0"]
[WhiteElo "1746"]
[BlackElo "1410"]
[PlyCount "75"]
[EventDate "2017.??.??"]
[WhiteTeam "SF 1903 Berlin"]
[BlackTeam "SC Friesen Lichtenberg"]

1. e4 d6 2. d4 Nf6 3. Nc3 g6 4. f4 Bg7 5. Nf3 O-O 6. Bd3 Bg4 7. O-O e5 8. d5
Nbd7 9. Qe1 Ne8 10. Ng5 f6 11. Nf3 Bxf3 12. Rxf3 c6 13. Bc4 Kh8 14. Rh3 f5 15.
Qg3 Qf6 16. Be3 Nc7 17. Rf1 Nb6 18. fxe5 dxe5 19. Bg5 Qf7 20. Qh4 h5 21. Bb3
Bf6 22. d6 Ne6 23. Bxf6+ Qxf6 24. Qxf6+ Rxf6 25. exf5 Nf4 26. Rhf3 Rxf5 27. g3
Nh3+ 28. Kg2 Rxf3 29. Rxf3 Ng5 30. Rf1 Re8 31. h4 Ne6 32. Rf6 Nc5 33. Rxg6 Nxb3
34. axb3 Nd5 35. Kf3 Nxc3 36. bxc3 Kh7 37. Rg5 Kh6 38. Ke4 1-0

[Event "Lichtenberger Sommer 2017"]
[Site "Berlin"]
[Date "2017.08.20"]
[Round "2.107"]
[White "Lange, Christoph"]
[Black "Schröder, Justin"]
[Result "0-1"]
[WhiteElo "1292"]
[BlackElo "1647"]
[PlyCount "102"]
[EventDate "2017.??.??"]
[WhiteTeam "TSG Oberschöneweide"]
[BlackTeam "Leegebrucher SF"]

1. e4 c5 2. Nf3 d6 3. d4 cxd4 4. Nxd4 Nf6 5. Nc3 a6 6. Be3 g6 7. Be2 Bg7 8. Qd2
b5 9. a3 Bb7 10. f3 Nbd7 11. O-O O-O 12. Bh6 Bxh6 13. Qxh6 Qb6 14. Rad1 e5 15.
Qe3 Rfd8 16. Kh1 exd4 17. Qxd4 Qxd4 18. Rxd4 Nf8 19. Rfd1 Ne8 20. e5 Ne6 21.
R4d2 dxe5 22. Rxd8 Rxd8 23. Rxd8 Nxd8 24. Kg1 f5 25. Bd3 Nd6 26. Be2 Ne6 27. g3
Nd4 28. f4 e4 29. Bd1 Nc4 30. Kf2 Nxb2 31. Ke3 Nxd1+ 32. Kxd4 Nxc3 33. Kxc3 Kf7
34. Kd4 Ke6 35. c3 Bd5 36. Ke3 a5 37. Kd4 Kd6 38. h3 a4 39. g4 Bc4 40. gxf5
gxf5 41. h4 h5 42. Ke3 Kc5 43. Kd2 Bd3 44. Ke3 Kc4 45. Kd2 Bb1 46. Kc1 e3 47.
Kd1 Bd3 48. Ke1 Kxc3 49. Kd1 b4 50. axb4 a3 51. Ke1 a2 0-1

[Event "Lichtenberger Sommer 2017"]
[Site "Berlin"]
[Date "2017.08.20"]
[Round "2.108"]
[White "Schmalisch, Bastian"]
[Black "Jouani, Zakharia"]
[Result "1-0"]
[WhiteElo "1600"]
[BlackElo "1158"]
[PlyCount "131"]
[EventDate "2017.??.??"]
[WhiteTeam "vereinslos"]
[BlackTeam "Schachpinguine Berlin"]

1. d4 d5 2. c4 c6 3. Nc3 Nf6 4. Bg5 Bf5 5. e3 e6 6. Bd3 Bg6 7. Bxg6 hxg6 8.
cxd5 cxd5 9. Nge2 Nc6 10. h3 Bd6 11. Rc1 Qd7 12. O-O O-O-O 13. Nb5 Kb8 14. Nxd6
Qxd6 15. Bf4 e5 16. dxe5 Nxe5 17. Qd4 Rde8 18. Rfd1 Ka8 19. Nc3 Qe6 20. Nxd5
Nxd5 21. Qxd5 Nc6 22. Qxe6 Rxe6 23. Rd7 Rf6 24. Rc5 a6 25. a3 Re8 26. b4 Re7
27. Rxe7 Nxe7 28. Bg5 Re6 29. Bxe7 Rxe7 30. Kf1 Ka7 31. Ke2 b6 32. Rc3 b5 33.
h4 Kb6 34. Rd3 Kc6 35. Rd4 Re6 36. f3 f5 37. Rd8 f4 38. e4 Kc7 39. Rd5 Rd6 40.
Rxd6 Kxd6 41. Kd3 Ke5 42. Kc3 Kf6 43. Kd4 g5 44. hxg5+ Kxg5 45. Ke5 g6 46. Kd6
Kh4 47. e5 Kg3 48. e6 Kxg2 49. e7 Kxf3 50. e8=Q g5 51. Qh5+ g4 52. Ke5 Kg3 53.
Kf5 f3 54. Qxg4+ Kf2 55. Kf4 Ke2 56. Qxf3+ Kd2 57. Qb7 Kc3 58. Qxa6 Kc4 59. Ke4
Kb3 60. Qxb5 Kxa3 61. Qc5 Ka4 62. Kd4 Ka3 63. b5+ Ka2 64. Kc3 Kb1 65. Qb4+ Ka2
66. Qb2# 1-0

[Event "Lichtenberger Sommer 2017"]
[Site "Berlin"]
[Date "2017.08.20"]
[Round "2.109"]
[White "Kossueva, Aminat"]
[Black "Stein, Siegfried"]
[Result "0-1"]
[WhiteElo "1037"]
[BlackElo "1761"]
[PlyCount "48"]
[EventDate "2017.??.??"]
[WhiteTeam "SC Friesen Lichtenberg"]
[BlackTeam "SV Berolina Mitte"]

1. e4 e5 2. Nf3 Nc6 3. Bc4 Bc5 4. d3 Nf6 5. O-O d6 6. Nc3 Bg4 7. Be3 Nd4 8. a3
Nxf3+ 9. gxf3 Bh3 10. Re1 g5 11. Ne2 Rg8 12. Ng3 h5 13. Kh1 h4 14. Rg1 hxg3 15.
Rxg3 g4 16. Bxc5 dxc5 17. fxg4 Bxg4 18. f3 Bh5 19. Qe2 Qe7 20. Kg2 O-O-O 21.
Kf2 Bg6 22. Qd2 Rh8 23. Rg2 Nh5 24. h3 Nf4 0-1

[Event "Lichtenberger Sommer 2017"]
[Site "Berlin"]
[Date "2017.08.20"]
[Round "2.110"]
[White "Weber, Gerald"]
[Black "Chapiro, Daniel"]
[Result "1-0"]
[WhiteElo "1761"]
[BlackElo "837"]
[PlyCount "63"]
[EventDate "2017.??.??"]
[WhiteTeam "SSV Rotation Berlin"]
[BlackTeam "SC Friesen Lichtenberg"]

1. c4 e5 2. g3 Nf6 3. Bg2 Bc5 4. Nc3 c6 5. a3 a6 6. b4 Ba7 7. c5 d5 8. cxd6
Qxd6 9. Qc2 O-O 10. Bb2 Nbd7 11. d3 b5 12. Rd1 Qc7 13. e3 Bb7 14. Nf3 Rfe8 15.
O-O c5 16. bxc5 Nxc5 17. Ne2 Qb6 18. Nxe5 Bb8 19. Bxb7 Qxb7 20. d4 Nce4 21. Qc6
Qa7 22. Rc1 Nd6 23. Qf3 Nc4 24. Nxc4 bxc4 25. Rxc4 Ne4 26. Rd1 Bd6 27. d5 Qe7
28. Nf4 Rab8 29. Rxe4 Qc7 30. Bd4 Bxa3 31. Qg4 Bd6 32. Qxg7# 1-0

[Event "Lichtenberger Sommer 2017"]
[Site "Berlin"]
[Date "2017.08.21"]
[Round "3.1"]
[White "Syre, Christian"]
[Black "Stern, René"]
[Result "0-1"]
[WhiteElo "2208"]
[BlackElo "2499"]
[PlyCount "94"]
[EventDate "2017.??.??"]
[WhiteTeam "TSG Oberschöneweide"]
[BlackTeam "SK König Tegel"]

1. d4 d5 2. c4 e6 3. Nc3 Nf6 4. Bg5 Nbd7 5. cxd5 exd5 6. e3 c6 7. Bd3 Be7 8.
Qc2 Nh5 9. Qe2 Bxg5 10. Qxh5 Be7 11. h3 Nf6 12. Qf3 O-O 13. Nge2 Re8 14. O-O
Bd6 15. Ng3 Be6 16. a3 g6 17. Rfe1 Rc8 18. Rad1 Kg7 19. Rc1 Rc7 20. Na4 Rce7
21. Nc5 Bc8 22. Rc3 h5 23. Nf1 Nh7 24. Qd1 f5 25. Re2 Nf6 26. f3 h4 27. Nb3 g5
28. Qc2 Ne4 29. fxe4 fxe4 30. Ba6 Qb6 31. Bxb7 Bxb7 32. Nc5 Bc8 33. Na4 Qb8 34.
Rxc6 Rf8 35. Rf2 Rxf2 36. Qxf2 Rf7 37. Qd2 Bd7 38. Rxd6 Qxd6 39. Nc3 Qa6 40.
Nh2 Be6 41. Qd1 Qd3 42. Qc1 Kg6 43. Qe1 Qc2 44. Nd1 Kg7 45. Nf1 Bc8 46. Nc3 Ba6
47. Nh2 Bc4 0-1

[Event "Lichtenberger Sommer 2017"]
[Site "Berlin"]
[Date "2017.08.21"]
[Round "3.2"]
[White "Colpe, Malte"]
[Black "Simon, Ralf-Axel"]
[Result "1-0"]
[WhiteElo "2424"]
[BlackElo "2184"]
[PlyCount "64"]
[EventDate "2017.??.??"]
[WhiteTeam "Hamburger SK"]
[BlackTeam "TSG Neuruppin"]

1. d4 d5 2. c4 c6 3. Nf3 Nf6 4. e3 Bf5 5. Nc3 a6 6. cxd5 cxd5 7. Ne5 Nc6 8. Bd2
e6 9. Qa4 Qb6 10. Rc1 Bb4 11. a3 Bxc3 12. Rxc3 O-O 13. Nxc6 bxc6 14. Rb3 Qa7
15. Qa5 Nd7 16. Bb4 Qb7 17. Be2 e5 18. O-O Rfe8 19. Bd1 Qb5 20. Qxb5 axb5 21.
Rc3 Rac8 22. a4 exd4 23. exd4 Nb6 24. axb5 cxb5 25. Rxc8 Rxc8 26. Re1 h6 27. g4
Be6 28. Be2 Na4 29. b3 Nc3 30. Bd3 Ne4 31. f3 Nf6 32. Ra1 Rb8 1-0

[Event "Lichtenberger Sommer 2017"]
[Site "Berlin"]
[Date "2017.08.21"]
[Round "3.3"]
[White "Moser, Axel"]
[Black "Ahmadinia, Ebrahim"]
[Result "0-1"]
[WhiteElo "2159"]
[BlackElo "2398"]
[PlyCount "74"]
[EventDate "2017.??.??"]
[WhiteTeam "SC Kreuzberg"]
[BlackTeam "SF 1903 Berlin"]

1. d4 d5 2. c4 c6 3. Nf3 Nf6 4. Qc2 dxc4 5. e4 b5 6. b3 cxb3 7. axb3 e6 8. Bd2
a5 9. Bd3 h6 10. O-O Bb7 11. Rd1 Be7 12. Qc1 b4 13. Be3 Ba6 14. Bxa6 Rxa6 15.
Nbd2 Nbd7 16. Qc2 O-O 17. Nc4 Qa8 18. Nfe5 Rb8 19. Rxa5 Rxa5 20. Nxa5 Nxe5 21.
dxe5 Qxa5 22. exf6 Bxf6 23. Qxc6 Qa8 24. Qxa8 Rxa8 25. Bd2 Rd8 26. Kf1 Rd3 27.
Ke2 Rxb3 28. Rc1 Rb2 29. Kd3 Rxd2+ 30. Kxd2 Bg5+ 31. Kc2 Bxc1 32. Kxc1 Kf8 33.
Kc2 Ke7 34. Kb3 Kd6 35. Kxb4 Ke5 36. Kc5 Kxe4 37. Kd6 Kf5 0-1

[Event "Lichtenberger Sommer 2017"]
[Site "Berlin"]
[Date "2017.08.21"]
[Round "3.4"]
[White "Radovanovic, Jovica"]
[Black "Slepuschkin, Shenis"]
[Result "1-0"]
[WhiteElo "2357"]
[BlackElo "2169"]
[PlyCount "95"]
[EventDate "2017.??.??"]
[WhiteTeam "vereinslos"]
[BlackTeam "SG NARVA Berlin"]

1. d4 d6 2. Nf3 Nf6 3. c4 g6 4. Nc3 Bg7 5. e4 O-O 6. Be2 c5 7. d5 e5 8. Nd2 Ne8
9. h4 h6 10. h5 g5 11. Bg4 Bd7 12. Nf1 a6 13. a4 Qc8 14. Bxd7 Qxd7 15. Ng3 a5
16. Nf5 Kh7 17. Qe2 Bf6 18. Nb5 Be7 19. Ra3 Ng7 20. Rf3 Nxf5 21. Rxf5 Na6 22.
g3 Nc7 23. Qg4 Rad8 24. f4 f6 25. fxe5 dxe5 26. Nxc7 Qxc7 27. O-O Qd7 28. b3
Qd6 29. Bb2 b6 30. R5f3 Rg8 31. Rxf6 Bxf6 32. Qf5+ Kh8 33. Qxf6+ Qxf6 34. Rxf6
Kh7 35. Bxe5 Rge8 36. Bc7 Rd7 37. Bxb6 Rxe4 38. Bxc5 g4 39. Bf2 Re5 40. d6 Rxh5
41. c5 Rd5 42. Re6 Rd8 43. Kf1 Rd3 44. Ke2 Rxb3 45. c6 Rb2+ 46. Ke3 Rb6 47. c7
Rc8 48. Re7+ 1-0

[Event "Lichtenberger Sommer 2017"]
[Site "Berlin"]
[Date "2017.08.21"]
[Round "3.5"]
[White "Möller, Dustin"]
[Black "Rietze, Clemens"]
[Result "1-0"]
[WhiteElo "2081"]
[BlackElo "2343"]
[PlyCount "57"]
[EventDate "2017.??.??"]
[WhiteTeam "Eckernförder SC"]
[BlackTeam "SC Rotation Pankow"]

1. d4 Nf6 2. c4 g6 3. f3 d5 4. cxd5 Nxd5 5. e4 Nb6 6. Nc3 Bg7 7. Be3 Nc6 8. d5
Ne5 9. f4 Ng4 10. Bd4 e5 11. Bxb6 axb6 12. Bb5+ Kf8 13. fxe5 Bxe5 14. Nf3 Bxh2
15. Nxh2 Qh4+ 16. Kd2 Qh6+ 17. Ke1 Qh4+ 18. Kd2 Nxh2 19. Rxh2 Qxh2 20. Qf3 h5
21. Rf1 Rh7 22. Qf6 Qd6 23. Qg5 Rg7 24. e5 Qe7 25. Qh6 Qh4 26. Rf4 Qg3 27. Qh8+
Rg8 28. Rxf7+ Kxf7 29. Qf6# 1-0

[Event "Lichtenberger Sommer 2017"]
[Site "Berlin"]
[Date "2017.08.21"]
[Round "3.6"]
[White "Heinig, Wolfram"]
[Black "Mätzkow, Maximilian Paul"]
[Result "1/2-1/2"]
[WhiteElo "2328"]
[BlackElo "2172"]
[PlyCount "49"]
[EventDate "2017.??.??"]
[WhiteTeam "SK Zehlendorf"]
[BlackTeam "ESV Eberswalde"]

1. Nf3 c5 2. c4 Nc6 3. g3 g6 4. Bg2 Bg7 5. Nc3 Nh6 6. a3 O-O 7. O-O d6 8. Rb1
Nf5 9. d3 Nfd4 10. Ne1 Bd7 11. Bd2 a5 12. e3 Nf5 13. Nc2 Rb8 14. b4 axb4 15.
axb4 b6 16. b5 Ne5 17. Qe2 h5 18. h3 Be6 19. Nd5 Bxd5 20. cxd5 Ra8 21. e4 Nd4
22. Nxd4 cxd4 23. Ra1 Qc7 24. f4 Nd7 25. Bb4 1/2-1/2

[Event "Lichtenberger Sommer 2017"]
[Site "Berlin"]
[Date "2017.08.21"]
[Round "3.7"]
[White "Buehler, Florian"]
[Black "Florstedt, Johannes"]
[Result "1-0"]
[WhiteElo "2063"]
[BlackElo "2232"]
[PlyCount "63"]
[EventDate "2017.??.??"]
[WhiteTeam "Spgem Kötz/Ichenhausen"]
[BlackTeam "SF 1903 Berlin"]

1. d4 Nf6 2. c4 g6 3. f3 Nc6 4. d5 Ne5 5. e4 d6 6. Nc3 Bg7 7. Bg5 c6 8. Qd2 h6
9. Be3 Bd7 10. Be2 a6 11. Bd4 g5 12. h4 gxh4 13. f4 Nxc4 14. Bxc4 c5 15. Bxf6
Bxf6 16. Nf3 b5 17. e5 Bg7 18. Be2 Qc7 19. Qe3 O-O 20. Rxh4 Rae8 21. Kf2 f5 22.
Rah1 e6 23. Rxh6 Bxh6 24. Rxh6 Kg7 25. Ng5 Rh8 26. Qg3 Kxh6 27. Nf7+ Kh7 28.
Qh4+ Kg7 29. Qf6+ Kg8 30. Qxh8+ Kxf7 31. Bh5+ Ke7 32. Qf6# 1-0

[Event "Lichtenberger Sommer 2017"]
[Site "Berlin"]
[Date "2017.08.21"]
[Round "3.8"]
[White "Kalka, Arkadius Georg"]
[Black "Hesse, Henrik"]
[Result "1-0"]
[WhiteElo "2323"]
[BlackElo "2124"]
[PlyCount "69"]
[EventDate "2017.??.??"]
[WhiteTeam "SC Hansa Dortmund"]
[BlackTeam "SV Mattnetz Berlin"]

1. c4 Nf6 2. g3 e6 3. Bg2 d5 4. Nf3 Be7 5. O-O O-O 6. b3 d4 7. Bb2 c5 8. e3 Nc6
9. exd4 cxd4 10. Re1 Re8 11. d3 Bc5 12. a3 a5 13. Ne5 Nxe5 14. Rxe5 Qd6 15. f4
Rb8 16. Nd2 Bd7 17. Ne4 Nxe4 18. Bxe4 f6 19. Qh5 f5 20. Bg2 b5 21. Qe2 bxc4 22.
dxc4 Rxb3 23. Re1 Bxa3 24. Bxa3 Qxa3 25. Bd5 Rb2 26. Qf3 Qd6 27. R1e2 Rxe2 28.
Qxe2 g6 29. Bg2 Qa3 30. h4 Rb8 31. c5 Rc8 32. Rxe6 Qxc5 33. Re7 Qd6 34. Qa2+
Kh8 35. Qf7 1-0

[Event "Lichtenberger Sommer 2017"]
[Site "Berlin"]
[Date "2017.08.21"]
[Round "3.9"]
[White "Schneider, Christian"]
[Black "Jahn, Thomas"]
[Result "1-0"]
[WhiteElo "2215"]
[BlackElo "2191"]
[PlyCount "71"]
[EventDate "2017.??.??"]
[WhiteTeam "SG Stadtilm"]
[BlackTeam "SV Empor Berlin"]

1. c4 e5 2. g3 d6 3. Bg2 Nc6 4. Nc3 Be6 5. Nd5 Qd7 6. Nf3 g6 7. d4 Bg7 8. dxe5
Nxe5 9. Nxe5 Bxe5 10. Qb3 c6 11. Nf4 Ne7 12. Nxe6 Qxe6 13. Bh6 O-O-O 14. O-O
Kb8 15. e4 c5 16. f4 Bd4+ 17. Kh1 Qd7 18. Rad1 f6 19. Bg7 Rhg8 20. Bxf6 Bxf6
21. e5 Bg7 22. Rxd6 Qc8 23. Rfd1 Rxd6 24. Rxd6 Qc7 25. e6 Nf5 26. Rd7 Nd4 27.
Rxc7 Nxb3 28. Rxb7+ Kc8 29. axb3 Rd8 30. Rxg7 Rd1+ 31. Bf1 Rxf1+ 32. Kg2 Re1
33. Rxh7 Rxe6 34. Rxa7 Re2+ 35. Kf3 Rxh2 36. Ra5 1-0

[Event "Lichtenberger Sommer 2017"]
[Site "Berlin"]
[Date "2017.08.21"]
[Round "3.10"]
[White "Segerberg, Tomas"]
[Black "Polatel, Ali"]
[Result "0-1"]
[WhiteElo "2077"]
[BlackElo "2221"]
[PlyCount "94"]
[EventDate "2017.??.??"]
[WhiteTeam "SG NARVA Berlin"]
[BlackTeam "SC Zugzwang 95 (Berlin)"]

1. e4 c5 2. Nf3 g6 3. d4 cxd4 4. Nxd4 Nc6 5. c4 Nf6 6. Nc3 d6 7. Be2 Nxd4 8.
Qxd4 Bg7 9. Bg5 O-O 10. Qd2 a5 11. O-O a4 12. Rab1 Qa5 13. f3 Be6 14. Rfd1 Bxc4
15. Bxc4 Qc5+ 16. Kh1 Qxc4 17. b3 axb3 18. Rxb3 e6 19. Rxb7 Ng4 20. fxg4 Bxc3
21. Qd3 Qc6 22. Rb3 Be5 23. a3 Ra4 24. Rb4 Ra5 25. Bh6 Rc8 26. g3 Rc5 27. Rdb1
Rc3 28. Qb5 Qxb5 29. Rxb5 Rxa3 30. Rb8 Ra8 31. R8b7 Ra1 32. Rxa1 Bxa1 33. Rd7
Be5 34. Kg2 Rc2+ 35. Kf3 f5 36. gxf5 exf5 37. exf5 gxf5 38. Bf4 Bd4 39. Be3 Rc3
40. Re7 Kf8 41. Re6 Kf7 42. Rxd6 Bxe3 43. Rd7+ Kg6 44. Rd6+ Kh5 45. Rd7 h6 46.
Rd5 Kg5 47. h3 Bf4+ 0-1

[Event "Lichtenberger Sommer 2017"]
[Site "Berlin"]
[Date "2017.08.21"]
[Round "3.11"]
[White "Schliebener, Stephan"]
[Black "Petersen, Soren Boeck"]
[Result "1/2-1/2"]
[WhiteElo "2126"]
[BlackElo "2226"]
[PlyCount "32"]
[EventDate "2017.??.??"]
[WhiteTeam "BSV 63 Chemie Weißensee"]
[BlackTeam "Damhus Skakklub"]

1. c4 e5 2. Nc3 Nf6 3. Nf3 Nc6 4. g3 d5 5. cxd5 Nxd5 6. Bg2 Nb6 7. O-O Be7 8.
a3 O-O 9. d3 Be6 10. b4 Nd4 11. Be3 Nxf3+ 12. Bxf3 Nd5 13. Nxd5 Bxd5 14. Bxd5
Qxd5 15. Qc2 c6 16. Rac1 Rfd8 1/2-1/2

[Event "Lichtenberger Sommer 2017"]
[Site "Berlin"]
[Date "2017.08.21"]
[Round "3.12"]
[White "Barath M"]
[Black "Kornrumpf, Joachim"]
[Result "1-0"]
[WhiteElo "2285"]
[BlackElo "2074"]
[PlyCount "55"]
[EventDate "2017.??.??"]
[WhiteTeam "SC Zugzwang 95 (Berlin)"]
[BlackTeam "Preetzer TSV"]

1. d4 Nf6 2. c4 e6 3. Nc3 d5 4. cxd5 exd5 5. Bg5 c6 6. e3 Bd6 7. Bd3 O-O 8. Qc2
h6 9. Bh4 Be6 10. Nge2 Nbd7 11. f4 Nb6 12. f5 Bd7 13. O-O Rc8 14. Nf4 Be7 15.
Rf3 c5 16. Qe2 Re8 17. Raf1 cxd4 18. exd4 Ne4 19. Bxe7 Nxc3 20. bxc3 Rxe7 21.
Qf2 f6 22. Rg3 Rxc3 23. Qd2 Qc8 24. Nh5 Rf7 25. Qxh6 Qf8 26. Qg6 Qe7 27. Rh3
Kf8 28. Nxg7 1-0

[Event "Lichtenberger Sommer 2017"]
[Site "Berlin"]
[Date "2017.08.21"]
[Round "3.13"]
[White "Brustkern, Jürgen"]
[Black "Hahlbohm, Matthias"]
[Result "1-0"]
[WhiteElo "2255"]
[BlackElo "2106"]
[PlyCount "49"]
[EventDate "2017.??.??"]
[WhiteTeam "SC Zugzwang 95 (Berlin)"]
[BlackTeam "TSG Oberschöneweide"]

1. e4 c5 2. c3 d5 3. exd5 Qxd5 4. d4 cxd4 5. cxd4 Nc6 6. Nf3 e6 7. Nc3 Bb4 8.
Bd3 Nf6 9. O-O Qd8 10. a3 Be7 11. Bc2 O-O 12. Qd3 g6 13. Bh6 Re8 14. Rfe1 b6
15. Rad1 Bb7 16. Bb1 Qd7 17. Ba2 Rad8 18. Bg5 Qc8 19. Qd2 Nb8 20. Ne5 Nbd7 21.
Nxf7 Kxf7 22. Rxe6 Kg7 23. Rde1 Bf8 24. Qf4 Nh5 25. Qf7+ 1-0

[Event "Lichtenberger Sommer 2017"]
[Site "Berlin"]
[Date "2017.08.21"]
[Round "3.14"]
[White "Postler, Reinhard"]
[Black "Plaza Reino, Agustin"]
[Result "1/2-1/2"]
[WhiteElo "2250"]
[BlackElo "1963"]
[PlyCount "68"]
[EventDate "2017.??.??"]
[WhiteTeam "TSG Oberschöneweide"]
[BlackTeam "Enniscorthy Chess Club"]

1. e4 c5 2. c3 d5 3. exd5 Qxd5 4. d4 Nc6 5. Nf3 Bg4 6. Be2 e6 7. O-O Nf6 8. Na3
Qd7 9. Ne5 Nxe5 10. dxe5 Bxe2 11. Qxe2 Nd5 12. c4 Ne7 13. Rd1 Qc6 14. Bg5 a6
15. Rd6 Qc7 16. Rad1 Nc6 17. R6d2 h6 18. Bh4 Nd4 19. Qe4 Be7 20. Bxe7 Qxe7 21.
Nc2 Nc6 22. f4 Rd8 23. Rxd8+ Nxd8 24. Rd6 O-O 25. Qd3 Qc7 26. Rd7 Qc8 27. Qd6
Nc6 28. Rc7 Qb8 29. Qd7 Na5 30. Ne3 b6 31. Kf2 Qd8 32. g3 Qxd7 33. Rxd7 Nc6 34.
Rb7 Rb8 1/2-1/2

[Event "Lichtenberger Sommer 2017"]
[Site "Berlin"]
[Date "2017.08.21"]
[Round "3.15"]
[White "Krüger, Robin-Kevin"]
[Black "Ros Alonso, Jaume"]
[Result "1/2-1/2"]
[WhiteElo "1930"]
[BlackElo "2119"]
[PlyCount "140"]
[EventDate "2017.??.??"]
[WhiteTeam "MTV Tostedt"]
[BlackTeam "Sant Boi de Llobregat"]

1. e4 c5 2. d4 cxd4 3. c3 Nf6 4. e5 Nd5 5. Nf3 e6 6. cxd4 d6 7. Bc4 Nc6 8. O-O
Be7 9. Qe2 O-O 10. Nc3 Nxc3 11. bxc3 dxe5 12. dxe5 Qc7 13. Bd3 b6 14. Bg5 Bb7
15. Qe4 g6 16. Qh4 Nxe5 17. Nxe5 Bxg5 18. Qxg5 f6 19. Qg4 fxe5 20. Qxe6+ Kg7
21. Rae1 Rae8 22. Qc4 Qxc4 23. Bxc4 Rc8 24. Be6 Rxc3 25. Rxe5 Re8 26. Rfe1 Kf6
27. f4 Rc2 28. Bh3 Rxe5 29. fxe5+ Ke7 30. Ra1 g5 31. g3 h5 32. a4 g4 33. Bf1
Rc5 34. a5 b5 35. a6 Bc6 36. Kf2 Ke6 37. Rd1 Rxe5 38. Rd8 Rf5+ 39. Ke1 Re5+ 40.
Kf2 Rf5+ 41. Ke1 Rd5 42. Rh8 Kd6 43. Rh7 Bd7 44. Bg2 Re5+ 45. Kd2 b4 46. Bf1
Rd5+ 47. Kc1 Kc7 48. Kb2 Kb6 49. Bc4 Rc5 50. Rxd7 Rxc4 51. Kb3 Re4 52. Rh7 Kxa6
53. Rxh5 Kb6 54. Ka4 Rd4 55. Rb5+ Kc6 56. Ra5 Kb6 57. Rb5+ Kc6 58. Ra5 Rd1 59.
Kxb4 Rb1+ 60. Kc3 Rh1 61. Rxa7 Rxh2 62. Rg7 Kd5 63. Kd3 Ke5 64. Rxg4 Kf5 65.
Rg8 Rh6 66. Ke3 Ra6 67. Kf3 Ra3+ 68. Kg2 Ra7 69. g4+ Kf4 70. Rf8+ Kxg4 1/2-1/2

[Event "Lichtenberger Sommer 2017"]
[Site "Berlin"]
[Date "2017.08.21"]
[Round "3.17"]
[White "Albrecht, Rainer"]
[Black "Piotrowski, Christopher"]
[Result "1/2-1/2"]
[WhiteElo "2047"]
[BlackElo "2117"]
[PlyCount "88"]
[EventDate "2017.??.??"]
[WhiteTeam "SC Kreuzberg"]
[BlackTeam "SK König Tegel"]

1. d4 d5 2. Bf4 Nf6 3. e3 c5 4. c3 Nc6 5. Nd2 e6 6. Ngf3 Be7 7. Ne5 Nxe5 8.
Bxe5 Qb6 9. Rb1 Bd7 10. dxc5 Qxc5 11. Bd3 Bb5 12. Bd4 Qc6 13. Qe2 a6 14. O-O
Rc8 15. Rfe1 O-O 16. e4 dxe4 17. Bxb5 Qxb5 18. Qxb5 axb5 19. Nxe4 Nd5 20. a3
Rc6 21. f3 Nf4 22. Nd2 Nd3 23. Re2 f6 24. Kf1 Rd8 25. Nb3 b6 26. Bg1 Bc5 27.
Bxc5 bxc5 28. Rd1 Rcd6 29. Red2 c4 30. Nc1 e5 31. Nxd3 cxd3 32. Kf2 f5 33. Ke3
e4 34. fxe4 fxe4 35. Kxe4 Re8+ 36. Kf3 Rf6+ 37. Kg3 Rg6+ 38. Kh3 Rh6+ 39. Kg3
Rg6+ 40. Kf2 Rge6 41. Kf1 Re2 42. Rxd3 Rxb2 43. Rd8 Kf8 44. Rxe8+ Kxe8 1/2-1/2

[Event "Lichtenberger Sommer 2017"]
[Site "Berlin"]
[Date "2017.08.21"]
[Round "3.18"]
[White "Berger, Steve"]
[Black "Lange, Cecilia"]
[Result "1-0"]
[WhiteElo "2412"]
[BlackElo "1886"]
[PlyCount "49"]
[EventDate "2017.??.??"]
[WhiteTeam "SK König Tegel"]
[BlackTeam "TSG Oberschöneweide"]

1. e4 e6 2. d4 d5 3. Nc3 Nf6 4. e5 Nfd7 5. f4 c5 6. Nf3 Nc6 7. Be3 Be7 8. Qd2
O-O 9. dxc5 Nxc5 10. O-O-O Qa5 11. Kb1 a6 12. h4 b5 13. Bd3 Bd7 14. Bxh7+ Kh8
15. Bxc5 Bxc5 16. Ng5 Nd4 17. g4 Rab8 18. Qd3 b4 19. Bg8 Nf5 20. Nxd5 Bb5 21.
Qf3 Kxg8 22. gxf5 g6 23. Nf6+ Kg7 24. fxg6 Be7 25. gxf7 1-0

[Event "Lichtenberger Sommer 2017"]
[Site "Berlin"]
[Date "2017.08.21"]
[Round "3.19"]
[White "Jaeger, Andre"]
[Black "Von Herman, Ulf"]
[Result "0-1"]
[WhiteElo "1994"]
[BlackElo "2354"]
[PlyCount "68"]
[EventDate "2017.??.??"]
[WhiteTeam "SC Rochade (Berlin)"]
[BlackTeam "SK König Tegel"]

1. d4 Nf6 2. c4 e6 3. Nc3 Bb4 4. f3 d5 5. a3 Bxc3+ 6. bxc3 O-O 7. cxd5 exd5 8.
e3 c5 9. Bd3 b6 10. Ne2 Ba6 11. O-O Bxd3 12. Qxd3 Re8 13. Ng3 Nc6 14. Ra2 Qd7
15. Raf2 Re6 16. Bb2 c4 17. Qd2 Rae8 18. Re2 h5 19. Bc1 b5 20. Qc2 a5 21. e4 h4
22. exd5 Rxe2 23. Nxe2 Nxd5 24. Nf4 Nxf4 25. Bxf4 b4 26. axb4 axb4 27. Rd1 b3
28. Qf2 h3 29. gxh3 Ne7 30. d5 Nxd5 31. Qd4 Qf5 32. Qxd5 Qxf4 33. Qd7 Re2 34.
Qd6 Qe3+ 0-1

[Event "Lichtenberger Sommer 2017"]
[Site "Berlin"]
[Date "2017.08.21"]
[Round "3.20"]
[White "Acikel, Mert"]
[Black "Förster, Jonas"]
[Result "0-1"]
[WhiteElo "1914"]
[BlackElo "2330"]
[PlyCount "104"]
[EventDate "2017.??.??"]
[WhiteTeam "SK König Tegel"]
[BlackTeam "SV Empor Berlin"]

1. e4 g6 2. d4 Bg7 3. Nc3 d6 4. f4 a6 5. Be3 Nd7 6. Nf3 b5 7. e5 Nh6 8. Bd3 O-O
9. O-O c5 10. dxc5 Ng4 11. Qe2 Nxe3 12. Qxe3 Nxc5 13. Rfd1 Bb7 14. Be4 Nxe4 15.
Nxe4 Qc7 16. exd6 exd6 17. Nxd6 Bxf3 18. Qxf3 Rad8 19. Qa3 Qxc2 20. Rac1 Bxb2
21. Rxc2 Bxa3 22. Rc6 Rd7 23. Rd3 Bb2 24. Rd2 Rfd8 25. Rxb2 Rxd6 26. Rxd6 Rxd6
27. Kf2 Rd4 28. Kf3 Kg7 29. Kg4 h5+ 30. Kf3 Kf6 31. Re2 Ra4 32. g3 Ra3+ 33. Kg2
a5 34. Kh3 b4 35. Kg2 a4 36. Kh3 b3 37. axb3 axb3 38. Re8 Ra1 39. Rb8 Rb1 40.
Kg2 Ke6 41. Kh3 Rb2 42. Kh4 Rxh2+ 43. Kg5 b2 44. Rb4 Kd5 45. Kf6 Rf2 46. Rb8
Kd4 47. Kxf7 g5 48. Rxb2 Rxb2 49. fxg5 Rg2 50. Kg6 Rxg3 51. Kxh5 Ke5 52. g6 Kf6
0-1